Sheng ming xi yue de DNA (Chinese)
| Main Author: | |
|---|---|
| Format: | Book |
| Published: |
Xinjiapo :
Tian guan wen wu fang ,
2002
|
| Series: | Shi Cheang jiang ji ; 1
|
| Subjects: |
MARC
| LEADER | 00000cam a2200000 7i4500 | ||
|---|---|---|---|
| 001 | 0000030911 | ||
| 005 | 20110509.0 | ||
| 008 | 110414 | ||
| 020 | |a 9810467818 | ||
| 090 | 0 | 0 | |a 294.324 |b HAI |
| 100 | 1 | |a (Shi) Hai yun ji meng zhu | |
| 245 | 1 | 0 | |a Sheng ming xi yue de DNA (Chinese) |c Hai yun ji meng zhu |
| 260 | |a Xinjiapo : |b Tian guan wen wu fang , |c 2002 | ||
| 440 | |a Shi Cheang jiang ji ; 1 | ||
| 650 | 0 | |a Buddhism |x Doctrines | |
| 999 | |a 0001084035 |b Book |c Chinese Collection |e Perbadanan Perpustakaan Awam Johor | ||